<?xml version="1.0" encoding="UTF-8"?>
<record
    xmlns:xsi="http://www.w3.org/2001/XMLSchema-instance"
    xsi:schemaLocation="http://www.loc.gov/MARC21/slim http://www.loc.gov/standards/marcxml/schema/MARC21slim.xsd"
    xmlns="http://www.loc.gov/MARC21/slim">

  <leader>02009nam a2200253Ia 4500</leader>
  <controlfield tag="003">OSt</controlfield>
  <controlfield tag="005">20250408153146.0</controlfield>
  <controlfield tag="008">191128s1984    ck     er     000 f spa d</controlfield>
  <datafield tag="020" ind1=" " ind2=" ">
    <subfield code="a">9586140407</subfield>
  </datafield>
  <datafield tag="040" ind1=" " ind2=" ">
    <subfield code="a">CO-JMCR</subfield>
    <subfield code="c">CO-JMCR</subfield>
  </datafield>
  <datafield tag="041" ind1="0" ind2=" ">
    <subfield code="a">spa</subfield>
  </datafield>
  <datafield tag="082" ind1="0" ind2="4">
    <subfield code="a">A-N</subfield>
    <subfield code="b">ALAn </subfield>
  </datafield>
  <datafield tag="100" ind1="1" ind2=" ">
    <subfield code="a">Alape, Arturo, </subfield>
    <subfield code="e">autor</subfield>
    <subfield code="9">837</subfield>
  </datafield>
  <datafield tag="245" ind1="1" ind2="0">
    <subfield code="a">Noche de p&#xE1;jaros : </subfield>
    <subfield code="b">novela / </subfield>
    <subfield code="c">Arturo Alape</subfield>
  </datafield>
  <datafield tag="250" ind1=" " ind2=" ">
    <subfield code="a">Primera edici&#xF3;n</subfield>
  </datafield>
  <datafield tag="260" ind1=" " ind2=" ">
    <subfield code="a">Bogot&#xE1; : </subfield>
    <subfield code="b">Planeta, </subfield>
    <subfield code="c">1984</subfield>
  </datafield>
  <datafield tag="300" ind1=" " ind2=" ">
    <subfield code="a">103 p&#xE1;ginas ; </subfield>
    <subfield code="c">21 cm.</subfield>
  </datafield>
  <datafield tag="490" ind1="0" ind2=" ">
    <subfield code="a">Autores colombianos</subfield>
  </datafield>
  <datafield tag="500" ind1=" " ind2=" ">
    <subfield code="a">Incluye datos biogr&#xE1;ficos del autor en la solapa posterior.</subfield>
  </datafield>
  <datafield tag="500" ind1=" " ind2=" ">
    <subfield code="a">"...Mir&#xF3; por la gran ventana a trav&#xE9;s e la cual yo hab&#xED;a visto, una tarde de verano, lo que cambiar&#xED;a para siempre la vida."--Tapa</subfield>
  </datafield>
  <datafield tag="520" ind1=" " ind2=" ">
    <subfield code="a">En Noche de p&#xE1;jaros, como en sus obras anteriores, Arturo Alape se propone asestar otro golpe mortal al estereotipo de la literatura de violencia en Colombia. La primera novela de Alape recrea el mismo paisaje de cat&#xE1;strofe, aunque instalado conciencia adentro en el testigo de un genocidio (la masacre de la Casa Liberal en Cali, 1949) que compelido a denunciar la identidad de los culpables, acude al ocultamiento y el silencio como recurso para sobrevivir; el hombre que atrapado como una bestia en los l&#xED;mites de su piel se refugia en estados on&#xED;ricos, teje fantas&#xED;as y huye al pasado, donde se encuentra con Agripina, la mujer de una pata de palo, con el ahogamiento de su hermano en las aguas del r&#xED;o Cali, con los tub&#xE9;rculos del caf&#xE9; Bola Roja, con la muchachita que vend&#xED;a su cuerpo por una palada de carb&#xF3;n, con el personaje de la Biblia en mano que sal&#xED;a por las calles nocturnas a bendecir el sexo de las prostitutas. Al final, asiste a las ceremonias solemne y atroz de su muerte a manos de los p&#xE1;jaros del r&#xE9;gimen. Alape en Noche de p&#xB4;jaros no reelabora la alegor&#xED;a garciamarquiana del olvido, funda la met&#xE1;fora brutal del silencio y el miedo a la palabra.</subfield>
  </datafield>
  <datafield tag="650" ind1="1" ind2="4">
    <subfield code="a">Novela colombiana</subfield>
    <subfield code="9">25</subfield>
  </datafield>
  <datafield tag="942" ind1=" " ind2=" ">
    <subfield code="2">ddc</subfield>
    <subfield code="c">BK</subfield>
  </datafield>
  <datafield tag="999" ind1=" " ind2=" ">
    <subfield code="c">3541</subfield>
    <subfield code="d">3541</subfield>
  </datafield>
  <datafield tag="952" ind1=" " ind2=" ">
    <subfield code="0">0</subfield>
    <subfield code="1">0</subfield>
    <subfield code="2">ddc</subfield>
    <subfield code="4">0</subfield>
    <subfield code="7">0</subfield>
    <subfield code="8">FIC</subfield>
    <subfield code="a">CPL</subfield>
    <subfield code="b">CPL</subfield>
    <subfield code="d">2018-05-30</subfield>
    <subfield code="e">Donaci&#xF3;n</subfield>
    <subfield code="g">0.00</subfield>
    <subfield code="l">3</subfield>
    <subfield code="m">2</subfield>
    <subfield code="o">A-N ALAn </subfield>
    <subfield code="p">201807403</subfield>
    <subfield code="r">2020-03-03 00:00:00</subfield>
    <subfield code="s">2020-03-02</subfield>
    <subfield code="t">Ej.1</subfield>
    <subfield code="w">2019-11-28</subfield>
    <subfield code="y">BK</subfield>
  </datafield>
</record>
